000 01127nam a2200301 a 4500
001 000115451
003 CHAP
005 20220329144535.0
008 190524s2019 mx a |sm |||||||spa d
010 _a111912
011 _a112884
040 _cCHAP
090 _aTesis
100 1 _aRojas Herrera, María Elena.
_9125941
245 1 0 _aResistencias a la Práctica educativa escolar tradicional:
_h[En línea]
_bexperiencias de pedagogías alternativas en la zona montañosa del Estado de Veracruz /
_cpor María Elena Rojas Herrera.
260 _aChapingo, Méx. :
_bEl autor
_a2018.
500 _aPara ver el contenido del material haga clic en la liga
502 _aTesis (M.C. en Sociología Rural) -- UACH. Departamento de Sociología Rural
590 _aE6339RRR
_b05
_c20190524
_lUCH01
_h0955
590 _aE6339RRR
_b05
_c20190524
_lUCH01
_h0955
650 1 4 _aEducación
_xCalidad.
_935420
650 1 4 _aEducación
_zVeracruz.
_935487
650 1 4 _aPsicología pedagógica.
_992615
856 _aFinding aid
_uhttp://10.13.5.2/tesis/sist115451.pdf
_zTeclea aquí
901 _aBK
942 _cTESIS
942 _n0
999 _c111912
_d111912